[Event "It (open)"]
[Site "masterchessopen.com Bhubaneswar (India)"]
[Date "2009.06.13"]
[Round "9"]
[White "Sethuraman S P (IND)"]
[Black "Kutwal Shashikant (IND)"]
[Result "1-0"]
[WhiteElo "2455"]
[BlackElo "2199"]

1.e4 c5 2.Nf3 d6 3.d4 cxd4 4.Nxd4 Nf6 5.Nc3 Nc6 6.Bg5 e6 7.Qd2 a6 8.O-O-O Bd7
9.f3 Be7 10.Kb1 b5 11.h4 Rc8 12.g4 O-O 13.Be3 Nxd4 14.Qxd4 Bc6 15.h5 e5 16.Qd2
b4 17.Nd5 Bxd5 18.exd5 Qc7 19.g5 Nd7 20.g6 Bf6 21.Bh3 Rb8 22.Rdg1 e4 23.h6 Ne5
24.gxh7+ Kh8 25.hxg7+ Bxg7 26.Bh6 Bf6 27.Bxf8 {#r} 1-0

[Event "Cup Municipality"]
[Site "masterchessopen.com Tbilisi (Georgia)"]
[Date "2009.06.15"]
[Round "1"]
[White "Martsvalashvili Ruzvelt (GEO)"]
[Black "Bagaturov Giorgi (GEO)"]
[Result "0-1"]
[WhiteElo "1934"]
[BlackElo "2478"]

1.e4 c5 2.Nf3 Nc6 3.d4 cxd4 4.Nxd4 Nf6 5.Nc3 d6 6.Bg5 e6 7.Qd2 a6 8.O-O-O Bd7
9.f4 h6 10.Bh4 g5 11.fxg5 Ng4 12.Be2 Nge5 13.Rhf1 Be7 14.Nf3 hxg5 15.Bg3 f6
16.Nxe5 Nxe5 17.Bxe5 dxe5 18.h3 Qc7 19.Qd3 O-O-O 20.Qc4 Qxc4 21.Bxc4 Kc7
22.Bb3 g4 23.hxg4 Rdg8 24.Rf3 Rxg4 25.Rfd3 Rd8 26.g3 Bc8 27.a3 Rdg8 28.Rg1 Bc5
29.Rg2 Bd4 30.Rf3 R8g6 {#R} 0-1

[Event "It (open)"]
[Site "masterchessopen.com Montcada (Spain)"]
[Date "2009.06.28"]
[Round "4"]
[White "Llaneza Vega Marcos (ESP)"]
[Black "Cruz Filemon (PER)"]
[Result "1-0"]
[WhiteElo "2521"]
[BlackElo "2415"]

1.e4 c5 2.Nc3 d6 3.Nge2 Nc6 4.d4 cxd4 5.Nxd4 Nf6 6.Bg5 e6 7.Qd2 a6 8.O-O-O Bd7
9.Kb1 h6 10.Bxf6 Qxf6 11.Nb3 b5 12.f4 b4 13.Na4 Qd8 14.e5 d5 15.Nac5 Ra7 16.f5
Bxc5 17.Nxc5 Qb6 18.Nxd7 Rxd7 19.Qf4 exf5 20.Qxf5 Nd8 21.Bd3 Ne6 22.Rhf1 a5
23.b3 Qc5 24.Bc4 g6 25.Qf6 O-O 26.h4 Ng7 27.g4 a4 28.h5 g5 29.Bd3 {#r} 1-0

[Event "Ch Poland (team) (juniors)"]
[Site "masterchessopen.com Chotowa (Poland)"]
[Round "9"]
[White "Kanarek Marcel (POL)"]
[Black "Wcislo Damian (POL)"]
[Result "1-0"]
[WhiteElo "2422"]
[BlackElo "2211"]

1.e4 c5 2.Nf3 Nc6 3.d4 cxd4 4.Nxd4 Nf6 5.Nc3 d6 6.Bg5 e6 7.Qd2 a6 8.O-O-O Bd7
9.f3 Be7 10.h4 h6 11.Be3 h5 12.Bg5 Ne5 13.f4 Neg4 14.Qe1 Qc7 15.Be2 Ne3 16.Rd2
Rc8 17.Qg3 Nc4 18.Bxc4 Qxc4 19.e5 d5 20.exf6 gxf6 21.f5 fxg5 22.fxe6 fxe6
23.Qe5 Rf8 24.Nxe6 Bxe6 25.Qxe6 Rc6 26.Qxd5 Rf1+ 27.Rxf1 Qxf1+ 28.Rd1 Qf4+
29.Kb1 gxh4 30.Qd7+ Kf8 31.Qxe7+ {#r} 1-0

[Event "Ch Poland (team) (juniors)"]
[Site "masterchessopen.com Chotowa (Poland)"]
[Round "2"]
[White "Piorun Kacper (POL)"]
[Black "Wcislo Damian (POL)"]
[Result "1-0"]
[WhiteElo "2457"]
[BlackElo "2211"]

1.e4 c5 2.Nf3 Nc6 3.d4 cxd4 4.Nxd4 Nf6 5.Nc3 d6 6.Bg5 e6 7.Qd2 a6 8.O-O-O Bd7
9.f4 b5 10.Bxf6 gxf6 11.Kb1 Qb6 12.Nce2 Qc5 13.g3 Rc8 14.Bg2 b4 15.Nxc6 Bxc6
16.Nd4 Bd7 17.Rhe1 a5 18.e5 fxe5 19.fxe5 d5 20.Qg5 Qe7 21.Qh5 Rc4 22.Nf5 Qc5
23.Bxd5 Rxc2 24.Bb3 Rf2 25.Rxd7 Rxf5 26.Red1 Bd6 27.R7xd6 Qxd6 28.Ba4+ {#r}
1-0

[Event "Ch Poland (team) (juniors) (1 liga)"]
[Site "masterchessopen.com Chotowa (Poland)"]
[Round "4"]
[White "Grzeskow Adrian (POL)"]
[Black "Malec Sebastian (POL)"]
[Result "0-1"]
[WhiteElo "1741"]
[BlackElo "2041"]

1.e4 c5 2.Nf3 Nc6 3.d4 cxd4 4.Nxd4 Nf6 5.Nc3 d6 6.Bg5 e6 7.Qd2 a6 8.O-O-O Bd7
9.f4 h6 10.Bxf6 Qxf6 11.Nb3 Rd8 12.Bd3 g5 13.Rhf1 Bg7 14.f5 Qe5 15.g3 O-O
16.Qf2 Bf6 17.Qf3 b5 18.a3 Kg7 19.Rd2 Rc8 20.Rdf2 b4 21.axb4 Nxb4 22.Nd2 Nxd3+
23.Qxd3 Bb5 24.Nxb5 Qxb2+ 25.Kd1 Qxb5 26.c4 Qe5 27.Ke2 a5 {#R} 0-1

[Event "It (open) \"]
[Site "masterchessopen.com Jyvaskyla (Finland)"]
[Date "2009.07.11"]
[Round "8"]
[White "Penttila Tero (FIN)"]
[Black "Valli Frans (FIN)"]
[Result "0-1"]
[WhiteElo "2051"]
[BlackElo "2188"]

1.e4 c5 2.Nf3 Nc6 3.Nc3 d6 4.d4 cxd4 5.Nxd4 Nf6 6.Bg5 e6 7.Qd2 a6 8.O-O-O Bd7
9.f4 b5 10.Bxf6 gxf6 11.Nxc6 Bxc6 12.Qe1 Ra7 13.Bd3 Qb6 14.Qh4 b4 15.Nb1 Qa5
16.Rhe1 Rg8 17.Bc4 Qc5 18.Bf1 Rc7 19.Rd2 Ba4 20.b3 Bb5 21.Bxb5+ axb5 22.e5
dxe5 23.fxe5 Rg6 24.Qxh7 Bh6 25.Qh8+ Qf8 26.Qxf8+ Kxf8 27.exf6 Rxg2 28.Rd1 Rd7
29.Kb2 Bxd2 {#R} 0-1

[Event "It (open)"]
[Site "masterchessopen.com Rethymno (Greece)"]
[Date "2009.07.18"]
[Round "8"]
[White "Das Arghyadip (IND)"]
[Black "Zubarev Alexander (UKR)"]
[Result "0-1"]
[WhiteElo "2392"]
[BlackElo "2548"]

1.e4 c5 2.Nf3 d6 3.d4 cxd4 4.Nxd4 Nf6 5.Nc3 Nc6 6.Bg5 e6 7.Qd2 a6 8.O-O-O Bd7
9.f3 Be7 10.Be3 O-O 11.g4 Nxd4 12.Bxd4 Bc6 13.g5 Nd7 14.h4 b5 15.a3 Rb8 16.Rg1
a5 17.h5 b4 18.Nb1 Ne5 19.Qg2 Qc7 20.f4 Rfc8 21.g6 fxg6 22.fxe5 Ba4 23.Nc3
bxc3 24.Bxc3 Bg5+ 25.Qxg5 Rxb2 26.Rg2 Qxc3 {#R} 0-1

[Event "Ch Poland (w)"]
[Site "masterchessopen.com Bogatynia (Poland)"]
[Date "2009.07.22"]
[Round "4"]
[White "Warakomska Anna (POL)"]
[Black "Przezdziecka Marta (POL)"]
[Result "0-1"]
[WhiteElo "2193"]
[BlackElo "2285"]

1.e4 c5 2.Nf3 d6 3.d4 cxd4 4.Nxd4 Nf6 5.Nc3 Nc6 6.Bg5 e6 7.Qd2 a6 8.O-O-O Bd7
9.f3 Be7 10.h4 Rc8 11.Nxc6 Bxc6 12.Ne2 O-O 13.Nd4 b5 14.Bd3 Bb7 15.g4 Nd7
16.Bxe7 Qxe7 17.g5 Ne5 18.f4 Nc4 19.Qe2 Qc7 20.Nf3 d5 21.e5 d4 22.Rh2 Nxb2
23.Kxb2 Qc3+ 24.Kc1 Qa3+ 25.Kd2 Qa5+ 26.Kc1 Qxa2 27.Qf2 b4 28.Nxd4 Rfd8 29.c4
Qa1+ 30.Bb1 Rxc4+ {#R} 0-1

[Event "Cup Timishoara (cat.4)"]
[Site "masterchessopen.com Timishoara (Romania)"]
[Date "2009.08.05"]
[Round "5"]
[White "Dragomirescu Robin (ROM)"]
[Black "Nemes Silviu (ROM)"]
[Result "1-0"]
[WhiteElo "2342"]
[BlackElo "2264"]

1.e4 c5 2.Nf3 Nc6 3.d4 cxd4 4.Nxd4 Nf6 5.Nc3 d6 6.Bg5 e6 7.Qd2 a6 8.O-O-O Bd7
9.f4 b5 10.Bxf6 gxf6 11.Kb1 Qb6 12.Nxc6 Bxc6 13.Qe1 Be7 14.f5 Qc5 15.fxe6 fxe6
16.Qh4 h5 17.Be2 Qg5 18.Qh3 b4 19.Rxd6 Qc5 20.e5 Bxd6 21.Qxe6+ Be7 22.Bd3 Bd7
23.Bg6+ Kd8 24.Rd1 {#r} 1-0

[Event "Cup Timishoara (cat.4)"]
[Site "masterchessopen.com Timishoara (Romania)"]
[Date "2009.08.07"]
[Round "7"]
[White "Ogleznev Alexandr (MDA)"]
[Black "Nemes Silviu (ROM)"]
[Result "1-0"]
[WhiteElo "2338"]
[BlackElo "2264"]

1.e4 c5 2.Nf3 d6 3.d4 cxd4 4.Nxd4 Nf6 5.Nc3 Nc6 6.Bg5 e6 7.Qd2 a6 8.O-O-O Bd7
9.f4 b5 10.Bxf6 gxf6 11.Kb1 b4 12.Nce2 Qb6 13.Qe1 Qc5 14.Nxc6 Bxc6 15.Nd4 Bd7
16.Qh4 Bg7 17.f5 e5 18.Nb3 Qc7 19.Nd2 d5 20.Qg4 Rc8 21.Bd3 Ba4 22.Qxg7 Bxc2+
23.Bxc2 Qxc2+ 24.Ka1 Ke7 25.exd5 Rhd8 26.Nb3 {#r} 1-0

[Event "It (open)"]
[Site "masterchessopen.com Vienna (Austria)"]
[Date "2009.08.18"]
[Round "4"]
[White "Bachofner Andreas (AUT)"]
[Black "Demuth Adrien (FRA)"]
[Result "0-1"]
[WhiteElo "2240"]
[BlackElo "2339"]

1.e4 c5 2.Nf3 Nc6 3.d4 cxd4 4.Nxd4 Nf6 5.Nc3 d6 6.Bg5 e6 7.Qd2 a6 8.O-O-O Bd7
9.Kb1 Rc8 10.Nxc6 Bxc6 11.f3 Be7 12.h4 h6 13.Be3 h5 14.Bg5 O-O 15.Bd3 b5
16.Ne2 e5 17.Qe3 Re8 18.g4 hxg4 19.fxg4 Nxg4 20.Qf3 Bxg5 21.Qxg4 Bh6 22.Rhg1
Re6 23.h5 Rf6 24.Rdf1 Bd7 25.Qg2 Be6 26.Nc3 Rxf1+ 27.Qxf1 Rxc3 28.bxc3 Qa5
29.c4 Qb4+ 30.Ka1 Bd2 {#R} 0-1

[Event "Ch France (b)"]
[Site "masterchessopen.com Nimes (France)"]
[Date "2009.08.20"]
[Round "10"]
[White "Abergel Thal (FRA)"]
[Black "Bujisho Benjamin (FRA)"]
[Result "1-0"]
[WhiteElo "2517"]
[BlackElo "2404"]

1.e4 c5 2.Nf3 d6 3.d4 cxd4 4.Nxd4 Nf6 5.Nc3 e6 6.Bg5 Nc6 7.Qd2 a6 8.O-O-O Bd7
9.f4 h6 10.Bh4 Be7 11.Nf3 Qc7 12.Qe1 g5 13.fxg5 hxg5 14.Bxg5 Qa5 15.Kb1 O-O-O
16.Rxd6 Bxd6 17.Bxf6 Rh5 18.Bxd8 Qxd8 19.Bc4 Qh8 20.Qd2 Bc7 21.Rd1 Be8 22.g4
Rh3 23.Ng5 Ne5 24.Nxh3 Qxh3 25.Qg5 Qxg4 26.Qe7 Qg8 27.Be2 Bc6 28.h4 Ng6 29.Qc5
{#r} 1-0

[Event "It (open) (b)"]
[Site "masterchessopen.com Polanica Zdroj (Poland)"]
[Date "2009.08.22"]
[Round "5"]
[White "Szadkowski Kamil (POL)"]
[Black "Tomsia Kamil (POL)"]
[Result "0-1"]
[WhiteElo "2167"]
[BlackElo "2103"]

1.e4 c5 2.Nf3 Nc6 3.d4 cxd4 4.Nxd4 Nf6 5.Nc3 d6 6.Bg5 e6 7.Qd2 a6 8.O-O-O Bd7
9.f4 b5 10.Bxf6 gxf6 11.Nxc6 Bxc6 12.Qe1 Be7 13.Bd3 b4 14.Ne2 Qb6 15.f5 e5
16.Ng3 h5 17.Bc4 a5 18.Bd5 Rc8 19.Bxc6+ Rxc6 20.Kb1 Bf8 21.Rd5 Ke7 22.Rf1 Bh6
23.Rf2 Rhc8 24.Re2 a4 25.Rd3 Rc3 26.Rd1 a3 27.b3 Qc7 28.Rc1 Qc5 29.Nxh5 Bxc1
30.Qxc1 Qd4 31.Qd2 Rxc2 {#R} 0-1

[Event "It (open)"]
[Site "masterchessopen.com Ricany (Czech Republic)"]
[Date "2009.08.29"]
[Round "9"]
[White "Drabek Vojtech (CZE)"]
[Black "Polak Benedikt (CZE)"]
[Result "0-1"]
[WhiteElo "2156"]
[BlackElo "2075"]

1.e4 c5 2.Nf3 d6 3.d4 cxd4 4.Nxd4 Nf6 5.Nc3 Nc6 6.Bg5 e6 7.Qd2 a6 8.O-O-O Bd7
9.f4 b5 10.Nxc6 Bxc6 11.e5 dxe5 12.Qxd8+ Rxd8 13.Rxd8+ Kxd8 14.fxe5 h6 15.Bh4
g5 16.Bg3 Nd7 17.Ne2 Bg7 18.a4 Nxe5 19.Nd4 Nd3+ 20.Bxd3 Bxd4 21.axb5 axb5
22.Rd1 Ke7 23.Be1 Bc5 24.Bc3 Rd8 25.Re1 b4 26.Bg7 Bxg2 27.Bxh6 f6 28.h4 Rxd3
29.cxd3 gxh4 {#R} 0-1

[Event "Ch Switzerland (team) 2009"]
[Site "masterchessopen.com Switzerland"]
[Date "2009.09.05"]
[Round "6"]
[White "Istratescu Andrei (ROM)"]
[Black "Hommeles Theo (NED)"]
[Result "1-0"]
[WhiteElo "2624"]
[BlackElo "2412"]

1.e4 c5 2.Nf3 d6 3.d4 cxd4 4.Nxd4 Nf6 5.Nc3 Nc6 6.Bg5 e6 7.Qd2 a6 8.O-O-O Bd7
9.f4 b5 10.Bxf6 gxf6 11.Nxc6 Bxc6 12.Qe1 Ra7 13.Bd3 Qb6 14.Kb1 Qc5 15.Qh4 h5
16.f5 Be7 17.Ne2 e5 18.Ng3 Qf2 19.Rhf1 Qxg2 20.Be2 Bxe4 21.Qxe4 Qxh2 22.Nxh5
d5 23.Qxd5 {#r} 1-0

[Event "Ch Romania (team) (w)"]
[Site "masterchessopen.com Eforie Nord (Romania)"]
[Date "2009.09.24"]
[Round "6"]
[White "Arakhamia-Grant Ketevan (SCO)"]
[Black "Gheorghe Corina (ROM)"]
[Result "1-0"]
[WhiteElo "2506"]
[BlackElo "2209"]

1.e4 c5 2.Nf3 d6 3.d4 cxd4 4.Nxd4 Nf6 5.Nc3 Nc6 6.Bg5 e6 7.Qd2 a6 8.O-O-O Bd7
9.f3 Rc8 10.Kb1 Qc7 11.Nxc6 Bxc6 12.Bd3 Be7 13.h4 h6 14.Be3 h5 15.Bg5 b5
16.Ne2 Bb7 17.Nd4 g6 18.Bxb5+ axb5 19.Nxb5 Qxc2+ {#r} 1-0

[Event "Olympiad (under 16)"]
[Site "masterchessopen.com Akhisar-Manisa (Turkey)"]
[Date "2009.09.27"]
[Round "4"]
[White "Sanal Vahap (TUR)"]
[Black "Nagy Gabor (HUN)"]
[Result "1-0"]
[WhiteElo "1976"]
[BlackElo "2219"]

1.e4 c5 2.Nf3 Nc6 3.Nc3 d6 4.d4 cxd4 5.Nxd4 Nf6 6.Bg5 e6 7.Qd2 a6 8.O-O-O Bd7
9.f4 h6 10.Bxf6 Qxf6 11.Nxc6 Bxc6 12.Bc4 b5 13.Bb3 a5 14.Qe3 Qe7 15.Qb6 Qd7
16.f5 exf5 17.exf5 Be7 18.Rhe1 O-O 19.Rxe7 Qxe7 20.Qxc6 a4 21.Bd5 Rac8 22.Qxb5
a3 23.Qd3 Qe5 24.Bb3 Rc7 25.Qd4 Qxf5 26.bxa3 Rfc8 27.Rd3 Qf1+ 28.Kb2 Qxg2
29.Rg3 Ra8 {#r} 1-0

[Event "It (open)"]
[Site "masterchessopen.com Donostia (Spain)"]
[Date "2009.10.02"]
[Round "9"]
[White "Huerga Leache Mikel (ESP)"]
[Black "Georgiev Krum (BUL)"]
[Result "0-1"]
[WhiteElo "2456"]
[BlackElo "2430"]

1.e4 c5 2.Nf3 Nc6 3.Nc3 d6 4.d4 cxd4 5.Nxd4 Nf6 6.Bg5 e6 7.Qd2 a6 8.O-O-O Bd7
9.f3 Rc8 10.Kb1 Be7 11.h4 b5 12.Nxc6 Rxc6 13.Ne2 O-O 14.Nd4 Rc8 15.g4 Qc7
16.Be3 e5 17.Nf5 Bxf5 18.exf5 d5 19.g5 d4 20.Bg1 Nd5 21.Rh2 Bb4 22.Qc1 Qa5
23.Bxd4 exd4 24.Rxd4 Rfd8 25.Re2 Bf8 26.Qd1 Nb4 27.a3 Rxd4 28.Qxd4 Rd8 29.axb4
Bxb4 30.Re8+ Rxe8 31.Qxg7+ Kxg7 {#R} 0-1

[Event "Memorial M.Chigorin (open)"]
[Site "masterchessopen.com St. Petersburg (Russia)"]
[Date "2009.10.16"]
[Round "1"]
[White "Kobzar Alexandr (UKR)"]
[Black "Evdokimov Alexander A (RUS)"]
[Result "0-1"]
[WhiteElo "2170"]
[BlackElo "2547"]

1.e4 c5 2.Nf3 Nc6 3.d4 cxd4 4.Nxd4 Nf6 5.Nc3 d6 6.Bg5 e6 7.Qd2 a6 8.O-O-O Bd7
9.Nb3 b5 10.a3 Rc8 11.f4 Be7 12.Bd3 h6 13.h4 b4 14.axb4 Nxb4 15.Kb1 Bc6 16.Qe2
Nxd3 17.Qxd3 hxg5 18.hxg5 Rxh1 19.Rxh1 Nd7 20.Rh7 Bf8 21.Rh8 Nc5 22.Qd4 e5
23.fxe5 Ne6 {#R} 0-1

[Event "Ch Europe (team)"]
[Site "masterchessopen.com Novi Sad (Serbia)"]
[Date "2009.10.22"]
[Round "1"]
[White "Solak Dragan (SRB)"]
[Black "Muir Andrew J (SCO)"]
[Result "1-0"]
[WhiteElo "2588"]
[BlackElo "2327"]

1.e4 c5 2.Nf3 Nc6 3.d4 cxd4 4.Nxd4 Nf6 5.Nc3 d6 6.Bg5 e6 7.Qd2 a6 8.O-O-O Bd7
9.f4 h6 10.Bh4 Nxe4 11.Qe1 Nf6 12.Nf5 Qa5 13.Nxd6+ Bxd6 14.Rxd6 Qc7 15.Rd2
O-O-O 16.Qe3 Ne7 17.Bd3 Bc6 18.Rhd1 Ned5 19.Nxd5 Rxd5 20.f5 Ng4 21.Qa7 e5
22.f6 g6 23.h3 e4 24.Be2 Rxd2 25.Bxg4+ Rd7 26.Bxd7+ Bxd7 27.Qa8+ {#r} 1-0

[Event "It (open)"]
[Site "masterchessopen.com Guernsey"]
[Date "2009.10.23"]
[Round "6"]
[White "Korneev Oleg (RUS)"]
[Black "Bellin Robert (ENG)"]
[Result "1-0"]
[WhiteElo "2537"]
[BlackElo "2388"]

1.e4 c5 2.Nf3 Nc6 3.d4 cxd4 4.Nxd4 Nf6 5.Nc3 d6 6.Bg5 e6 7.Qd2 a6 8.O-O-O Bd7
9.f3 Be7 10.h4 h6 11.Be3 h5 12.Bg5 Ne5 13.f4 Neg4 14.Bd3 Qb6 15.Bc4 Rc8 16.Bb3
Rxc3 17.Qxc3 Nxe4 18.Qf3 Nef2 19.Rhe1 Nxd1 20.Qxd1 e5 21.Bxe7 Kxe7 22.Nf3 f6
23.Qd3 Qb4 24.fxe5 Qf4+ 25.Kb1 fxe5 26.Qd5 Nf6 27.Qxb7 a5 28.Qc7 Ra8 29.Nxe5
dxe5 30.Rxe5+ {#r} 1-0

[Event "It \"]
[Site "masterchessopen.com Moscow (Russia)"]
[Date "2009.10.25"]
[Round "6"]
[White "Pokhlebin Sergej (RUS)"]
[Black "Zavialov Vladimir (RUS)"]
[Result "1-0"]
[WhiteElo "1999"]
[BlackElo "2161"]

1.e4 c5 2.Nf3 Nc6 3.d4 cxd4 4.Nxd4 Nf6 5.Nc3 d6 6.Bg5 e6 7.Qd2 a6 8.O-O-O Bd7
9.f4 b5 10.Bxf6 gxf6 11.Kb1 Qb6 12.Nxc6 Bxc6 13.f5 b4 14.Ne2 Bxe4 15.fxe6 fxe6
16.Qf4 f5 17.Ng3 d5 18.Nxe4 fxe4 19.Qe5 Rg8 20.Rxd5 Be7 21.Be2 exd5 22.Qxd5
Rg5 23.Qxa8+ Kf7 24.Qxe4 Qc5 25.Qxh7+ Ke8 26.Rd1 Qe5 27.Bh5+ Rxh5 28.Qg6+ Kf8
29.Rf1+ Bf6 30.Rxf6+ {#r} 1-0

[Event "It \"]
[Site "masterchessopen.com Bastia (France)"]
[Date "2009.10.28"]
[Round "5"]
[White "Gruenfeld Yehuda (ISR)"]
[Black "Guedon Stephane (FRA)"]
[Result "1-0"]
[WhiteElo "2490"]
[BlackElo "2157"]

1.e4 c5 2.Nf3 d6 3.d4 cxd4 4.Nxd4 Nf6 5.Nc3 Nc6 6.Bg5 e6 7.Qd2 a6 8.O-O-O Bd7
9.f4 b5 10.Bxf6 gxf6 11.Nxc6 Bxc6 12.Bd3 Qb6 13.Qe1 O-O-O 14.Kb1 b4 15.Ne2 d5
16.Ng3 h5 17.exd5 Bxd5 18.Qe2 Bb7 19.Be4 Bd6 20.Bxb7+ Qxb7 21.Nxh5 f5 22.h3
Bc7 23.Rhf1 a5 24.g4 a4 25.gxf5 exf5 26.Ng3 Rde8 27.Qd3 {#r} 1-0

[Event "Ch World (juniors) (under 20)"]
[Site "masterchessopen.com Puerto Madryn (Argentina)"]
[Round "10"]
[White "Shyam Sundar M (IND)"]
[Black "Kokol Peter (SLO)"]
[Result "1-0"]
[WhiteElo "2415"]
[BlackElo "2346"]

1.e4 c5 2.Nf3 Nc6 3.d4 cxd4 4.Nxd4 Nf6 5.Nc3 d6 6.Bg5 e6 7.Qd2 a6 8.O-O-O Bd7
9.f4 b5 10.Bxf6 gxf6 11.Kb1 Qb6 12.Nxc6 Bxc6 13.Bd3 Ra7 14.f5 Qc5 15.Rhe1 Re7
16.a3 a5 17.e5 dxe5 18.Ne4 Qd4 19.Nxf6+ Kd8 20.Qxa5+ {#r} 1-0

[Event "Ch World (juniors) (under 14)"]
[Site "masterchessopen.com Kemer (Turkey)"]
[Date "2009.11.16"]
[Round "6"]
[White "Kaphle Sebastian (GER)"]
[Black "Torres Rosas Luis Carlos (MEX)"]
[Result "1-0"]
[WhiteElo "2122"]
[BlackElo "2010"]

1.e4 c5 2.Nf3 d6 3.d4 cxd4 4.Nxd4 Nf6 5.Nc3 Nc6 6.Bg5 e6 7.Qd2 a6 8.O-O-O Bd7
9.f4 b5 10.Bxf6 gxf6 11.Nxc6 Bxc6 12.f5 b4 13.Ne2 Bxe4 14.fxe6 fxe6 15.Qe3 d5
16.Ng3 h5 17.Kb1 f5 18.Be2 h4 19.Nxe4 fxe4 20.Bg4 Qd6 21.Qg5 Rh6 22.Rhf1 Qe7
23.Bh5+ Kd7 24.Rf7 {#r} 1-0

[Event "Ch India"]
[Site "masterchessopen.com Mumbai (India)"]
[Date "2009.12.02"]
[Round "2"]
[White "Matta Vinay Kumar (IND)"]
[Black "Vidit Santosh Gujrathi (IND)"]
[Result "0-1"]
[WhiteElo "2310"]
[BlackElo "2447"]

1.e4 c5 2.Nf3 d6 3.d4 cxd4 4.Nxd4 Nf6 5.Nc3 Nc6 6.Bg5 e6 7.Qd2 a6 8.O-O-O Bd7
9.f4 b5 10.Bxf6 gxf6 11.Nxc6 Bxc6 12.Bd3 b4 13.Ne2 Qb6 14.Kb1 h5 15.f5 Bh6
16.Qe1 e5 17.Ng3 Bf4 18.Bc4 Qc5 19.Bd5 Rc8 20.Bxc6+ Rxc6 21.Qe2 h4 22.Nf1 Ke7
23.b3 Rhc8 24.g3 Bh6 25.c4 bxc3 26.Qc2 a5 27.gxh4 a4 28.Rd5 axb3 {#R} 0-1

[Event "Ch Udmurtia"]
[Site "masterchessopen.com Izhevsk (Russia)"]
[Date "2009.12.16"]
[Round "7"]
[White "Lepkasov Vladislav (RUS)"]
[Black "Poniaev Ruslan (RUS)"]
[Result "0-1"]
[WhiteElo "2037"]
[BlackElo "2245"]

1.e4 c5 2.Nf3 d6 3.d4 cxd4 4.Nxd4 Nf6 5.Nc3 Nc6 6.Bg5 e6 7.Qd2 a6 8.O-O-O Bd7
9.f4 b5 10.Bxf6 gxf6 11.Kb1 Qb6 12.Nb3 b4 13.Ne2 a5 14.Ng3 a4 15.Nc1 h6 16.Be2
Be7 17.f5 e5 18.Bc4 Rc8 19.Qd5 Rh7 20.Bb5 Nd4 21.Bxd7+ Kxd7 22.Rd2 a3 23.Nb3
Nb5 24.Ne2 axb2 25.Kxb2 Na3 26.Na5 Qxa5 {#R} 0-1

[Event "It (cat.8)"]
[Site "masterchessopen.com Edmonton (Canada)"]
[Date "2009.12.19"]
[Round "5"]
[White "Mackinnon Keith (CAN)"]
[Black "Hansen Eric (CAN)"]
[Result "0-1"]
[WhiteElo "2148"]
[BlackElo "2423"]

1.e4 c5 2.Nf3 d6 3.d4 cxd4 4.Nxd4 Nf6 5.Nc3 Nc6 6.Bg5 e6 7.Qd2 a6 8.O-O-O Bd7
9.Nb3 b5 10.f3 Qc7 11.Kb1 Be7 12.Bd3 O-O 13.h4 b4 14.Ne2 a5 15.h5 a4 16.Nbd4
Nxd4 17.Nxd4 Qc5 18.Be3 Qa5 19.g4 a3 20.b3 e5 21.Nf5 Bxf5 22.gxf5 d5 23.Rdg1
Kh8 24.Qf2 Qc7 25.Qg3 Rg8 26.Bd4 Bd6 27.h6 g6 28.Qh4 g5 29.Rxg5 exd4 30.Rxg8+
Nxg8 31.Rg1 Qc3 {#R} 0-1

[Event "It (cat.13)"]
[Site "masterchessopen.com Pamplona (Spain)"]
[Date "2009.12.23"]
[Round "3"]
[White "Lopez Martinez Josep Manuel (ESP)"]
[Black "Huerga Leache Mikel (ESP)"]
[Result "1-0"]
[WhiteElo "2555"]
[BlackElo "2456"]

1.e4 c5 2.Nf3 d6 3.d4 Nf6 4.Nc3 cxd4 5.Nxd4 Nc6 6.Bg5 e6 7.Qd2 a6 8.O-O-O Bd7
9.f4 h6 10.Bh4 g5 11.fxg5 Ng4 12.Nxc6 Bxc6 13.Be2 Ne5 14.g3 Qa5 15.Kb1 Ng6
16.Rhf1 Nxh4 17.Qf4 O-O-O 18.gxh4 hxg5 19.Qxf7 Rxh4 20.Qxe6+ Kb8 21.Rxf8 {#r}
1-0

[Event "Ch City (1/2 final) (b)"]
[Site "masterchessopen.com Madrid (Spain)"]
[Date "2010.01.15"]
[Round "4"]
[White "Montanes Arribas Adrian (ESP)"]
[Black "Fernandez Lledo Javier (ESP)"]
[Result "1-0"]
[WhiteElo "2114"]
[BlackElo "2136"]

1.e4 c5 2.Nf3 Nc6 3.d4 cxd4 4.Nxd4 Nf6 5.Nc3 d6 6.Bg5 e6 7.Qd2 a6 8.O-O-O Bd7
9.f4 b5 10.a3 Qb6 11.Bxf6 gxf6 12.Nb3 h5 13.g3 Na5 14.Nxa5 Qxa5 15.Qd4 Be7
16.Kb1 Bc6 17.Bd3 Qc7 18.Rhe1 O-O-O 19.a4 Qb7 20.axb5 axb5 21.Qb4 d5 22.Qa5
dxe4 23.Bxb5 Bxb5 24.Nxb5 Rd5 25.c4 Rd3 26.c5 Rb3 27.c6 Qxb5 28.Qa8+ Kc7
29.Rd7+ Kb6 30.Qa7+ {#r} 1-0

[Event "It (cat.9)"]
[Site "masterchessopen.com Wijk aan Zee (Netherlands)"]
[Date "2010.01.19"]
[Round "4"]
[White "Soumya Swaminathan (IND)"]
[Black "Li Chao (CHN)"]
[Result "0-1"]
[WhiteElo "2320"]
[BlackElo "2633"]

1.e4 c5 2.Nf3 d6 3.d4 cxd4 4.Nxd4 Nf6 5.Nc3 Nc6 6.Bg5 e6 7.Qd2 a6 8.O-O-O Bd7
9.f3 Be7 10.h4 h6 11.Be3 h5 12.Bg5 b5 13.Nxc6 Bxc6 14.Qe1 Qc7 15.Bxf6 gxf6
16.Qg3 O-O-O 17.Bd3 Bb7 18.a3 Rhg8 19.Qh3 Kb8 20.g4 d5 21.gxh5 Bxa3 22.Ne2 Bd6
23.h6 dxe4 24.Bxe4 Rc8 25.Rd2 Bxe4 26.fxe4 Bf8 {#R} 0-1

[Event "It (cat.7)"]
[Site "masterchessopen.com Kecskemet (Hungary)"]
[Date "2010.01.27"]
[Round "5"]
[White "Padmini Rout (IND)"]
[Black "Gonda Laszlo (HUN)"]
[Result "1-0"]
[WhiteElo "2326"]
[BlackElo "2550"]

1.e4 c5 2.Nf3 Nc6 3.d4 cxd4 4.Nxd4 Nf6 5.Nc3 d6 6.Bg5 e6 7.Qd2 a6 8.O-O-O Bd7
9.f4 b5 10.Nxc6 Bxc6 11.Qe1 h6 12.Bh4 Be7 13.Bxf6 gxf6 14.Bd3 Qb6 15.Kb1 b4
16.Ne2 d5 17.exd5 Bxd5 18.f5 Qe3 19.fxe6 fxe6 20.Rf1 Rg8 21.Nf4 Qxe1 22.Rfxe1
Kf7 23.Be2 Rg5 24.Bh5+ Kg7 25.Rxd5 Rxd5 26.Nxe6+ Kg8 27.Bf3 {#r} 1-0

[Event "Ch Romania"]
[Site "masterchessopen.com Baile Olanesti (Romania)"]
[Date "2010.02.02"]
[Round "4"]
[White "Bida Mihai-Eugen (ROM)"]
[Black "Nemes Silviu (ROM)"]
[Result "1-0"]
[WhiteElo "2026"]
[BlackElo "2251"]

1.e4 c5 2.Nf3 Nc6 3.d4 cxd4 4.Nxd4 Nf6 5.Nc3 d6 6.Bg5 e6 7.Qd2 a6 8.O-O-O Bd7
9.f4 b5 10.Bxf6 gxf6 11.Kb1 b4 12.Nce2 Qb6 13.Nxc6 Bxc6 14.f5 e5 15.Ng3 Qc5
16.Nh5 Ke7 17.Bd3 a5 18.g4 Rg8 19.Qe2 Bh6 20.h4 a4 21.Bc4 Rac8 22.b3 Qe3
23.Nxf6 Kxf6 24.g5+ Bxg5 25.hxg5+ Qxg5 26.Rxh7 d5 27.exd5 Bd7 28.d6 Rg7 29.Re1
Re8 30.Rh5 Qf4 31.Rf1 {#r} 1-0